| 000 | 00438nam a2200157 i 4500 | ||
|---|---|---|---|
| 001 | 78819 | ||
| 003 | ES-MaACL | ||
| 005 | 20230906173827.0 | ||
| 007 | t| | ||
| 008 | 041018q19001999sp ||||1| spa d | ||
| 100 | 1 |
_aHayes, Isaac Israel. _962196 |
|
| 245 | 1 | 0 |
_aPerdidos en los hielos / _cIsaac Israel Hayes. |
| 260 |
_aMadrid : _b[s.n., _c19--?] ( _fImp. Bibl. Inst. y Recreo) |
||
| 300 |
_a231 p. ; _c19 cm. |
||
| 852 |
_aES-MaACL _jD-2897 |
||
| 999 |
_c78819 _d78819 |
||